000 004580000a22001810004500
003 MACL
005 20160109173819.0
008 160109b xxu||||| |||| 00| 0 eng d
040 _aMACL
_cMACL
041 _aEnglish
082 _a920/NIH
100 _aSingh, Dr Nihar Nandan
_930670
245 _aLokamanya Bal Gangadhar Tilak
260 _bCongress Centenary
_c1985
_aNew Delhi
350 _a10
650 _aBiography
_930671
942 _cBK
_k920/Sin
_2ddc
999 _c34194
_d34194